=LDR 00000nam 2200000 4500 =001 INLIS000000000010709 =005 20200505075950 =035 ##$$a 0010-061300000010709 =008 200505################g##########0#ind## =041 ##$$a Ind =082 ##$$a 2x3.404 =090 ##$$a 2x3.404, Mah-b =100 1#$$a Mahlawi, Hanafi Al =245 1#$$a Bercermin pada ujian para nabi /$c Hanafi Al Mahlawi ; Penerjemah Mahfud Hidayat Lukman =260 ##$$a Jakarta :$b Mustaqiim,$c 2003 =300 ##$$a 214 hlm. ; $c 15x23 cm. =650 #4$$a Nabi dan Rasul - Ujian =850 ##$$a NBPNMAT =084 ##$$a 2x3.404 MAH b =700 1#$$a Lukman, Mahfud Hidayat =990 ##$$a 10311668 =990 ##$$a 10311670